000 00807nam a2200241Ia 4500
999 _c41066
_d41066
001 7715
003 GE_BSU
005 20221114145651.0
008 181216s2011en xx |||||||||||||| ||eng||
020 _a9780857290816x
040 _cGE_BSU
041 _aeng
080 _a519.23 C-20
100 _aCapinski Marek,
_914678
245 _aMathematics for Finance:
_bAn Introduction to Financial Engineering /
_cMarek Capinski, Tomasz Zastawniak.
264 _aLondon:
_bSpringer,
_c2011.
300 _a336 p;
_c23 cm.
440 _aSpringer Undergraduate Mathematics Series: ISSN 1615-2085.Second Edition.
_914679
653 _aMathematics for Finance.
653 _aმათემატიკა ფინანსებისთვის
700 _a Zastawniak, Tomasz
_914680
942 _cBK
_2udc